000 00738nam a2200265Ia 4500
003 OSt
005 20220918164025.0
006 a|||||r|||| 00| 0
007 ta
008 220917b |||||||| |||| 00| 0 eng d
020 _a0415013305
024 _a30,281
037 _cTextual
040 _aARTS
_cARTS
_beng
041 _2eng
_aeng
082 _aO111,3M40:g(Y), M9
100 _aWiddowson Peter
_916701
245 0 _aHardy in history
_b a study in literary sociology
260 _aLondon
_bRoutledge UK
_c1989
300 _axi,260p.
_ccm.
500 _aBib 244p; Includes index
650 _aENGLISH LITERATURE
942 _hO111,3M40:g(Y), M9
_cTEXL
_2CC
999 _c122713
_d122713